Music Quiz

Random Music Quiz
Score 0/261 Timer 10:00
0 Plays Today
Lyric % Correct
I
98.9%
I
98.9%
I
98.9%
I
98.9%
you
98.9%
you
98.9%
You
98.9%
you
98.9%
you
98.9%
You
98.9%
You
98.9%
I
98.9%
I
98.9%
You
98.9%
you
98.9%
You
98.9%
the
98.6%
The
98.6%
the
98.6%
the
98.6%
it
98.6%
be.
98.6%
the
98.6%
the
98.6%
the
98.6%
the
98.6%
it
98.6%
be.
98.6%
the
98.6%
the
98.6%
be
98.6%
the
98.6%
it
98.6%
be.
98.6%
a
98.2%
that's
98.2%
way
98.2%
should
98.2%
a
98.2%
that's
98.2%
way
98.2%
should
98.2%
a
98.2%
that's
98.2%
way
98.2%
should
98.2%
always
97.8%
always
97.8%
that
97.8%
always
97.8%
to
97.5%
we
97.5%
to
97.5%
we
97.5%
to
97.5%
we
97.5%
to
97.5%
we
97.5%
to
97.5%
hear
97.1%
me.
97.1%
heard
97.1%
me?
97.1%
me.
97.1%
heard
97.1%
me?
97.1%
me
97.1%
me,
97.1%
me.
97.1%
heard
97.1%
me?
97.1%
I've
96.8%
I've
96.8%
I've
96.8%
want
95.3%
want
95.3%
want
95.3%
My
95%
my
95%
marry
95%
marry.
95%
My
95%
marry
95%
marry.
95%
marry
95%
marry...
95%
in
94.6%
Lyric % Correct
in
94.6%
and
94.6%
Well,
94.6%
We'll
94.6%
and
94.6%
And
94.6%
in
94.6%
and
94.6%
Well,
94.6%
We'll
94.6%
and
94.6%
and
94.6%
in
94.6%
we'll
94.6%
Well,
94.6%
in
94.6%
and
94.6%
and
94.6%
Well,
94.6%
We'll
94.6%
no
94.3%
no
94.3%
of
93.5%
of
93.5%
of
93.5%
on.
92.8%
say
92.8%
say
92.8%
say
92.8%
say
92.8%
on
92.8%
our
91.4%
our
91.4%
our
91.4%
our
91.4%
it's
91%
it's
91%
it's
91%
time
90.7%
time
90.7%
time
90.7%
all
90.3%
all
90.3%
own,
90%
own,
90%
own,
90%
family
89.2%
family
89.2%
family
89.2%
together,
88.9%
They
88.9%
They
88.9%
They
88.9%
they
88.9%
they
88.9%
they
88.9%
together,
88.9%
together,
88.9%
with
87.8%
is
87.8%
have
87.8%
have
87.8%
is
87.8%
for
87.5%
for
87.5%
father
86.4%
her
86.4%
her
86.4%
but
86%
But
86%
moved
86%
what
86%
But
86%
moved
86%
what
86%
but
86%
moved
86%
lights
85.7%
mother
85.7%
now.
84.9%
friends
83.9%
from
83.9%
their
83.9%
their
83.9%
their
83.9%
Their
83.9%
are.
83.9%
Lyric % Correct
at
83.2%
dark.
83.2%
they're
83.2%
they're
83.2%
night
82.8%
sits
82.4%
by,
81.4%
married
81.4%
by
81.4%
them
80.3%
children
79.9%
see:
79.2%
know
78.9%
His
78.5%
love
77.8%
raised
77.4%
raised
77.4%
raised
77.4%
reads
77.1%
things
76.7%
walk
76.3%
college,
76.3%
magazines.
74.6%
hate
74.6%
hate
74.6%
not.
74.2%
where
73.8%
how
72%
cigarette
71.7%
glows
71.3%
houses
71.3%
your
70.3%
bedroom,
69.9%
can
69.9%
dream.
68.8%
themselves
68.5%
remark.
68.1%
call
68.1%
room
67.4%
past
66.7%
'sweet
65.9%
dreams'
65.9%
just
64.9%
master
64.5%
living
63.4%
hide
63.4%
tiptoe
62.7%
never
61.6%
forget
60.6%
keep
60.6%
like
60.6%
I'll
60.2%
myself.
60.2%
yet
59.9%
scar.
59.5%
you'll
59.5%
angry
59.1%
alive.
59.1%
nights,
58.8%
still;
58.4%
laugh,
58.4%
Babe,
58.4%
love's
58.1%
first,
58.1%
wound,
57.3%
drown
54.1%
two
53.4%
learn
53.4%
drink,
52%
shelf.
51.6%
close
50.5%
birds
50.2%
dawns.
49.8%
couples
49.8%
cling
49.8%
through
49.8%
debris.
49.5%
soon
49.1%
claw,
48%
soar
48%
okay,
47%
cage
46.2%
tearful
44.4%
lawns.
43.4%
silent
43%
clouds,
40.1%
noons,
34.4%
Remove Ads.
Support Sporcle.
Get the best of Sporcle when you Go Orange. This ad-free experience offers more features, more stats, and more fun while also helping to support Sporcle. Thank you for becoming a member.

You're not logged in!

Compare scores with friends on all Sporcle quizzes.
OR
Log In

Show Comments

Extras

Created Sep 27, 2013ReportNominate
Tags:Always, heard, Ive, simon

Top Quizzes Today


Score Distribution

Your Account Isn't Verified!

In order to create a playlist on Sporcle, you need to verify the email address you used during registration. Go to your Sporcle Settings to finish the process.

Report this User

Report this user for behavior that violates our Community Guidelines.

Details: